UNIZIK LAW JOURNAL (Record no. 44017)

MARC details
003 - CONTROL NUMBER IDENTIFIER
control field 426122
005 - DATE AND TIME OF LATEST TRANSACTION
control field 20251125094048.0
022 ## - INTERNATIONAL STANDARD SERIAL NUMBER
International Standard Serial Number 23215702x
040 ## - CATALOGING SOURCE
Transcribing agency Nile University of Nigeria, Abuja.
Description conventions rda
050 ## - LIBRARY OF CONGRESS CALL NUMBER
Classification number K 60 .U5
082 ## - DEWEY DECIMAL CLASSIFICATION NUMBER
Classification number K 60 .U5
245 ## - TITLE STATEMENT
Title UNIZIK LAW JOURNAL
250 ## - EDITION STATEMENT
Edition statement Vol.21{1},2025.
260 ## - PUBLICATION, DISTRIBUTION, ETC. (IMPRINT)
Place of publication, distribution, etc Anambra State
Name of publisher, distributor, etc Ebenezer Publisher
Date of publication, distribution, etc 2025
264 ## - PUBLICATION, DISTRIBUTION, ETC. (IMPRINT)
Place of publication, distribution, etc Anambra State
Name of publisher, distributor, etc Ebenezer Publisher
Date of publication, distribution, etc 2025
300 ## - PHYSICAL DESCRIPTION
Other physical details v, 172 pg , 35 cm.
336 ## - CONTENT TYPE
Source rdacontent
338 ## - CARRIER TYPE
Source rdacarrier
942 ## - ADDED ENTRY ELEMENTS (KOHA)
Source of classification or shelving scheme Library of Congress Classification
Koha item type JOURNALS
Holdings
Withdrawn status Lost status Source of classification or shelving scheme Damaged status Not for loan Permanent Location Current Location Shelving location Date acquired Total Checkouts Date last seen Price effective from Koha item type
    Library of Congress Classification     Law Library Law Library Items on shelf 11/25/2025   11/25/2025 11/25/2025 JOURNALS
    Library of Congress Classification     Law Library Law Library Items on shelf 11/25/2025   11/25/2025 11/25/2025 JOURNALS